Welches Land wird beschrieben? - Statistiken

Allgemein
  • Dieses Quiz wurde 107 mal gespielt
  • Das Durchschnittsergebnis liegt bei 7 aus 15
Antwortstatistiken
Beschreibung Land % Korrekt
Andrzej Duda, Zloty, Woiwodschaften,Westverschiebung Polen
90%
Hat keinen Flughafen, sieben Pfarreien,Zwergstaat, katalanisch Andorra
85%
Phnom Penh, Königreich, Khmer, Hun Sen,Nokoreach, Angkor, Banteasy Srei Kambodscha
65%
Sadyr Dschaparow, rot/gelbe Flagge,Som, +996, seit 1991 unabhängig von der Sowjetunion Kirgisistan
61%
rot/weiß, ... Krone, +45, Grundlovsdag Dänemark
59%
Naypyidaw, Soe Win, Kyat, +95, Militärdiktatur Myanmar
57%
Präsidentielle Republik, Won, Busan, Incheon,Daegu, Tigerstaat Südkorea
50%
Rumen Radew, Lew, +359, "Saedinenietoprawi silata" Bulgarien
40%
Andrés Manuel López Obrador, +52,UTC+5, Peso Mexiko
32%
Puro, Vulkan Osorno, Grey-Gletscher, Pichilemu Chile
31%
Moroni, ... Franc, Muslime, Dschuzur al-Qamar, seit 1975 unabhängig von Frankreich Komoren
28%
Inselstaat, ... Dollar, Englisch, BDS, +1 Barbados
24%
Hassan Sheikh Mohamud, arabisch, ... Schilling, UTC +3, unentwickelt Somalia
23%
+686, Teirake Kaini ... , Republik mitparlamentsgebundener Exekutivgewalt, Australische Dollar Kiribati
22%
Binnenland, Shona, Emmeron Mnangagwa,"Unity, Freedom, Work", ... Dollar Simbabwe
18%
Keine übereinstimmenden Quizze gefunden
Verteilung der Resultate
Anzahl Personen mit jedem Resultat
Perzentil nach korrekt beantworteten Fragen
Ihre Resultats-Entwicklung
Sie haben dieses Quiz noch nicht gespielt